Inovatívne riešenia v iniciatíve Smart City

Predstavenie konceptu Smart City, ktorý je integráciou viacerých zložiek, predovšetkým inovatívneho využitia informačných a komunikačných technológií, efektívnej dopravy, udržateľnej spotreby energií, čistého životného prostredia.

Guardado en:
Detalles Bibliográficos
Autor principal: Škvarčeková, Oľga
Formato: Capítulo de libro
Lenguaje:eslovaco
Materias:
Etiquetas: Agregar Etiqueta
Sin Etiquetas, Sea el primero en etiquetar este registro!

MARC

LEADER 00000naa$a2200000$$$4500
001 0249723
005 20240502074009.5
041 0 |a slo 
044 |a SK 
245 1 0 |a Inovatívne riešenia v iniciatíve Smart City  |c Oľga Škvarčeková 
520 |a Predstavenie konceptu Smart City, ktorý je integráciou viacerých zložiek, predovšetkým inovatívneho využitia informačných a komunikačných technológií, efektívnej dopravy, udržateľnej spotreby energií, čistého životného prostredia. 
610 2 0 |a mestá inteligentné 
610 2 0 |a inovácie environmentálne 
610 2 0 |a inovácie technologické 
610 2 0 |a prostredie životné 
610 2 0 |a prostredie krajinné 
610 2 0 |a riešenia projektové typové 
100 1 |a Škvarčeková, Oľga